Načítá se...
Bache rahenge shabd/
| Hlavní autor: | |
|---|---|
| Médium: | Printed Book |
| Vydáno: |
Allahabad:
Anamika Prakashan,
2016.
|
| Vydání: | 2nd. |
| Témata: |
| LEADER | 00553nam a22001817a 4500 | ||
|---|---|---|---|
| 999 | |c 145172 |d 145172 | ||
| 020 | |a 9788187770039 | ||
| 082 | |a H4 |b MRI/B | ||
| 100 | |a Mridula Pandit | ||
| 245 | |a Bache rahenge shabd/ |c by Mridula Pandit | ||
| 250 | |a 2nd. | ||
| 260 | |a Allahabad: |b Anamika Prakashan, |c 2016. | ||
| 300 | |a 118p. | ||
| 650 | |a Essays Hindi | ||
| 650 | |a Literature Hindi | ||
| 650 | |a Literature | ||
| 942 | |c BK | ||
| 952 | |0 0 |1 0 |4 0 |6 H_4_000000000000000_MRI_B |7 0 |9 103557 |a SSUS |b SSUS |c STACKS |d 2020-09-23 |g 495.00 |o H4 MRI/B |p 100419 |r 2020-09-23 |w 2020-09-23 |y BK | ||